Statistiken für Geographie nach Bild - I

Klicken Sie hier um das Quiz zu spielen!

Allgemein

  • Dieses Quiz wurde 925 mal gespielt
  • Das Durchschnittsergebnis liegt bei 11 aus 18

Antwortstatistiken

Answer % Korrekt
Indien
97%
Israel
94%
Irland
93%
Inuit
86%
Islam
84%
Indonesien
82%
Italien
76%
Ibiza
75%
Illinois
73%
Inn
62%
Iran
55%
Istanbul
51%
Indianapolis
47%
Ipanema
38%
IJsselmeer
35%
Isthmus
27%
{Iguazú}-Wasserfälle
26%
Île-de-France
16%

Verteilung der Resultate

Perzentil nach korrekt beantworteten Fragen

Anzahl Personen mit jedem Resultat

Ihre Resultats-Entwicklung

Sie haben dieses Quiz noch nicht gespielt